[Event "XXXVI. ODPRTO PRVENSTVO KOMENDE 2022"]
[Site "Komenda"]
[Date "2022.09.02"]
[Round "1.1"]
[White "Zagar, Katarina"]
[Black "Veselic, Maks"]
[Result "1-0"]
[WhiteElo "1167"]
[BlackElo "1606"]
[PlyCount "68"]
[EventDate "2022.09.02"]

1. d4 Nf6 2. c4 e6 3. Nc3 Bb4 4. Bd2 O-O 5. Nf3 d5 6. a3 Bxc3 7. Bxc3 dxc4 8.
e3 b5 9. Be2 Bb7 10. O-O Nbd7 11. Qc2 Ne4 12. Rfd1 Ndf6 13. Nd2 Nxd2 14. Rxd2
Ne4 15. Rdd1 Nxc3 16. Qxc3 Qe7 17. Kh1 Rfd8 18. Rd2 c5 19. Qc2 cxd4 20. Rxd4
Qg5 21. Rg1 Rxd4 22. exd4 Rd8 23. Qc3 Qf6 24. Qg3 Qxd4 25. b3 cxb3 26. Qxb3
Qxf2 27. Bf3 Bxf3 28. Qxf3 Qxf3 29. gxf3 Kf8 30. Kg2 Rd3 31. Ra1 Ke7 32. a4 b4
33. Rb1 a5 34. Kg3 Ra3 1-0

[Event "XXXVI. ODPRTO PRVENSTVO KOMENDE 2022"]
[Site "Komenda"]
[Date "2022.09.02"]
[Round "1.2"]
[White "Filippovskiy, Nikita"]
[Black "Perme, Stanko"]
[Result "1-0"]
[WhiteElo "1544"]
[BlackElo "1624"]
[PlyCount "63"]
[EventDate "2022.09.02"]

1. e4 e5 2. Nf3 Nc6 3. Bc4 Bc5 4. c3 Nf6 5. d3 h6 6. O-O O-O 7. Nbd2 d6 8. Re1
Bg4 9. h3 Bh5 10. Nf1 Qd7 11. N1h2 d5 12. exd5 Nxd5 13. g4 Bg6 14. Nxe5 Qd6 15.
d4 Bb6 16. Qf3 Nce7 17. Bf4 Nxf4 18. Qxf4 Kh7 19. Nhf3 f5 20. g5 Bh5 21. gxh6
Qxh6 22. Ng5+ Kh8 23. Nef7+ Bxf7 24. Nxf7+ Rxf7 25. Qxh6+ gxh6 26. Bxf7 Nc6 27.
Re8+ Rxe8 28. Bxe8 Kg7 29. Bxc6 bxc6 30. b4 a5 31. a3 axb4 32. axb4 1-0

[Event "XXXVI. ODPRTO PRVENSTVO KOMENDE 2022"]
[Site "Komenda"]
[Date "2022.09.02"]
[Round "1.3"]
[White "Perme, Lojze"]
[Black "Smirnov, Maksim"]
[Result "0-1"]
[WhiteElo "1094"]
[BlackElo "1478"]
[PlyCount "60"]
[EventDate "2022.09.02"]

1. e4 c6 2. Nc3 d5 3. Bd3 dxe4 4. Be2 Nf6 5. f3 exf3 6. Nxf3 Bf5 7. d3 e6 8.
Bf4 Nbd7 9. a3 Be7 10. Nh4 Bg6 11. O-O Nd5 12. Nxd5 cxd5 13. Bh5 Bxh4 14. Be3
Be7 15. Qe1 Bxh5 16. Qf2 O-O 17. Rac1 Qc7 18. Qe1 Bc5 19. d4 Bd6 20. Qc3 Bxh2+
21. Kh1 Qxc3 22. bxc3 Bd6 23. Rb1 Nb6 24. Bf4 Bxf4 25. Rxf4 h6 26. Rh4 Bg6 27.
Rb4 Rfc8 28. a4 Rxc3 29. Rh3 Rxc2 30. Kh2 Be4 0-1

[Event "XXXVI. ODPRTO PRVENSTVO KOMENDE 2022"]
[Site "Komenda"]
[Date "2022.09.02"]
[Round "1.4"]
[White "Keber, Aljosa"]
[Black "Kosel, Lenart"]
[Result "1-0"]
[WhiteElo "1348"]
[BlackElo "1000"]
[PlyCount "45"]
[EventDate "2022.09.02"]

1. e4 e5 2. Nf3 Nc6 3. Bb5 Bc5 4. c3 d6 5. O-O Bg4 6. d4 exd4 7. cxd4 Bb6 8. d5
Qd7 9. Bf4 Nf6 10. Qc2 O-O 11. dxc6 bxc6 12. Bxc6 Qc8 13. Bxa8 Qxa8 14. Nbd2 d5
15. e5 Ne4 16. Nxe4 Bxf3 17. Ng5 g6 18. Nxf3 Qd8 19. Bg5 Qd7 20. Bf6 Qf5 21.
Qd2 Qe4 22. Qh6 Qf5 23. Qg7# 1-0

[Event "XXXVI. ODPRTO PRVENSTVO KOMENDE 2022"]
[Site "Komenda"]
[Date "2022.09.02"]
[Round "1.5"]
[White "Mladenovic, Karl Zmaj"]
[Black "Zlindra, Aljaz"]
[Result "0-1"]
[WhiteElo "1000"]
[BlackElo "1238"]
[PlyCount "42"]
[EventDate "2022.09.02"]

1. e4 c6 2. Nc3 d5 3. d3 dxe4 4. Nxe4 Nf6 5. Nxf6+ exf6 6. Qe2+ Be6 7. Bf4 Bd6
8. g3 Bxf4 9. gxf4 O-O 10. O-O-O Re8 11. Nf3 Bd5 12. Qd2 Bxf3 13. Re1 Bxh1 14.
Rxe8+ Qxe8 15. Qd1 Bd5 16. c4 Be6 17. Qe1 Nd7 18. Qe3 Bxc4 19. Qd4 Bxa2 20. Bh3
Bb3 21. Bxd7 Qe1# 0-1

[Event "XXXVI. ODPRTO PRVENSTVO KOMENDE 2022"]
[Site "Komenda"]
[Date "2022.09.02"]
[Round "1.6"]
[White "Sever, Gasper"]
[Black "Podjed, Anze"]
[Result "1-0"]
[WhiteElo "1212"]
[BlackElo "1000"]
[PlyCount "65"]
[EventDate "2022.09.02"]

1. e4 Nc6 2. d4 d5 3. e5 e6 4. Bb5 a6 5. Bxc6+ bxc6 6. Nf3 c5 7. Be3 h6 8. dxc5
Bxc5 9. Bxc5 g5 10. h3 f6 11. c4 dxc4 12. Qxd8+ Kxd8 13. exf6 Nxf6 14. Bd4 Rf8
15. O-O a5 16. Rd1 Bd7 17. Bxf6+ Rxf6 18. Ne5 Rf7 19. Nxf7+ Ke7 20. Nxh6 Ba4
21. Re1 Rh8 22. Ng4 Bd7 23. Nc3 e5 24. Rxe5+ Kd6 25. Rd1+ Kc6 26. Nf6 Bxh3 27.
gxh3 Rxh3 28. a3 Kb6 29. Na4+ Ka6 30. Rdd5 c6 31. Rxg5 Kb7 32. Rd7+ Kc8 33.
Rg8# 1-0

[Event "XXXVI. ODPRTO PRVENSTVO KOMENDE 2022"]
[Site "Komenda"]
[Date "2022.09.02"]
[Round "1.7"]
[White "Snedec, Aljaz"]
[Black "Kuznetsova, Elyzaveta"]
[Result "1/2-1/2"]
[WhiteElo "1000"]
[BlackElo "1210"]
[PlyCount "34"]
[EventDate "2022.09.02"]

1. d4 c6 2. Nf3 d5 3. Bf4 Bf5 4. e3 e6 5. Bd3 Bg4 6. h3 Bh5 7. c4 Bb4+ 8. Nc3
Nf6 9. Qb3 Bxc3+ 10. bxc3 b6 11. Ne5 Nbd7 12. Nxc6 Qc8 13. Ne5 Nxe5 14. Bxe5
Bg6 15. Bxg6 hxg6 16. cxd5 Nxd5 17. Bxg7 Qxc3+ 1/2-1/2

[Event "XXXVI. ODPRTO PRVENSTVO KOMENDE 2022"]
[Site "Komenda"]
[Date "2022.09.02"]
[Round "1.8"]
[White "Demsar, Maks"]
[Black "Zmauc, Filip"]
[Result "1-0"]
[WhiteElo "1177"]
[BlackElo "1000"]
[PlyCount "75"]
[EventDate "2022.09.02"]

1. e4 Nc6 2. d4 Nf6 3. Nc3 e6 4. e5 Bb4 5. exf6 Qxf6 6. Nf3 d5 7. Bb5 a6 8.
Bxc6+ bxc6 9. O-O c5 10. a3 Ba5 11. Bg5 Qf5 12. Qd3 c4 13. Qxf5 exf5 14. Nxd5
Be6 15. Ne3 c6 16. c3 Bd8 17. Bxd8 Kxd8 18. Ne5 Rb8 19. Nxc6+ Kd7 20. Nxb8+
Rxb8 21. Rab1 g6 22. d5 f4 23. dxe6+ Kxe6 24. Nxc4 Rc8 25. Rfe1+ Kd5 26. Nb6+
Kc5 27. Nxc8 f5 28. Rbd1 h5 29. Re5+ Kc4 30. Ne7 Kb3 31. Rd2 h4 32. Nc8 a5 33.
Nb6 a4 34. Nd7 Ka2 35. Nc5 Kb1 36. Re1+ Ka2 37. b3+ Kxa3 38. Ra1# 1-0

[Event "XXXVI. ODPRTO PRVENSTVO KOMENDE 2022"]
[Site "Komenda"]
[Date "2022.09.02"]
[Round "2.1"]
[White "Veselic, Maks"]
[Black "Keber, Aljosa"]
[Result "0-1"]
[WhiteElo "1606"]
[BlackElo "1348"]
[PlyCount "70"]
[EventDate "2022.09.02"]

1. e4 c5 2. Nf3 Nc6 3. c3 d5 4. exd5 Qxd5 5. Be2 e5 6. d3 Bf5 7. O-O O-O-O 8.
Ng5 Bg6 9. Bf3 Qd7 10. Qa4 Nge7 11. Rd1 h6 12. Ne4 Nd5 13. Na3 Nb6 14. Qb5 Bxe4
15. Bxe4 Nb8 16. Qb3 f5 17. Bf3 Nc6 18. Nb5 Na5 19. Nxa7+ Kc7 20. Qa3 Nbc4 21.
Qb3 Nxb3 22. axb3 e4 23. bxc4 exf3 24. Bf4+ Kb6 25. Ra3 Bd6 26. Bxd6 Qxd6 27.
Rda1 Qg6 28. g3 Qh5 29. h4 g5 30. Rb3+ Kc7 31. Ra5 Rxd3 32. Rxc5+ Kd6 33. Rxf5
Ke6 34. Rc5 Rd1+ 35. Kh2 Qg4 0-1

[Event "XXXVI. ODPRTO PRVENSTVO KOMENDE 2022"]
[Site "Komenda"]
[Date "2022.09.02"]
[Round "2.2"]
[White "Zlindra, Aljaz"]
[Black "Filippovskiy, Nikita"]
[Result "0-1"]
[WhiteElo "1238"]
[BlackElo "1544"]
[PlyCount "80"]
[EventDate "2022.09.02"]

1. e4 c5 2. Nf3 Nc6 3. d4 cxd4 4. Nxd4 h6 5. Nxc6 bxc6 6. Qd4 Nf6 7. e5 Nd5 8.
e6 f6 9. exd7+ Bxd7 10. Be2 e5 11. Qh4 Be7 12. O-O O-O 13. b3 f5 14. Qg3 f4 15.
Qf3 g5 16. Bb2 Bd6 17. Bc4 Be6 18. Nc3 g4 19. Qe4 Bc7 20. Rad1 Bf5 21. Nxd5
Bxe4 22. Nf6+ Kg7 23. Rxd8 Kxf6 24. Rd7 Rac8 25. Re1 Bf5 26. Rxc7 Rxc7 27.
Bxe5+ Kg5 28. Bxc7 Bxc2 29. Re6 Kf5 30. Re5+ Kf6 31. Kf1 Rc8 32. Bd6 h5 33. Ke2
h4 34. Bd3 Bxd3+ 35. Kxd3 Rd8 36. Rh5 Rxd6+ 37. Kc3 g3 38. Rh6+ Ke5 39. Rxd6
Kxd6 40. hxg3 f3 0-1

[Event "XXXVI. ODPRTO PRVENSTVO KOMENDE 2022"]
[Site "Komenda"]
[Date "2022.09.02"]
[Round "2.3"]
[White "Smirnov, Maksim"]
[Black "Sever, Gasper"]
[Result "1-0"]
[WhiteElo "1478"]
[BlackElo "1212"]
[PlyCount "79"]
[EventDate "2022.09.02"]

1. d4 d5 2. Bf4 Bf5 3. e3 e6 4. Nf3 Nf6 5. c3 Bd6 6. Bg3 Bxg3 7. hxg3 Nbd7 8.
Nbd2 Ne4 9. Nh4 Bg6 10. Nxg6 fxg6 11. Nxe4 dxe4 12. Qg4 Qf6 13. Qxe4 c6 14. Bc4
e5 15. Rd1 O-O-O 16. dxe5 Qxe5 17. Qxe5 Nxe5 18. Be6+ Kc7 19. Ke2 h6 20. f4
Rde8 21. Bh3 Nc4 22. Kf2 Rhg8 23. Rd7+ Kb6 24. b3 Nxe3 25. Re1 Nd5 26. Be6 Rgf8
27. Bxd5 Rxe1 28. Kxe1 cxd5 29. Rxd5 Re8+ 30. Kf2 Kc6 31. c4 a6 32. Re5 Rxe5
33. fxe5 Kd7 34. Ke3 Ke6 35. Ke4 b6 36. b4 h5 37. a4 g5 38. b5 a5 39. c5 bxc5
40. b6 1-0

[Event "XXXVI. ODPRTO PRVENSTVO KOMENDE 2022"]
[Site "Komenda"]
[Date "2022.09.02"]
[Round "2.4"]
[White "Kuznetsova, Elyzaveta"]
[Black "Demsar, Maks"]
[Result "0-1"]
[WhiteElo "1210"]
[BlackElo "1177"]
[PlyCount "86"]
[EventDate "2022.09.02"]

1. e4 e5 2. Nf3 Nc6 3. Bc4 Bc5 4. Nc3 Nf6 5. d3 h6 6. Be3 Bxe3 7. fxe3 d6 8. h3
Na5 9. Bb5+ c6 10. Ba4 Qb6 11. Qc1 O-O 12. Bb3 Nxb3 13. axb3 Re8 14. Na4 Qb4+
15. Qd2 Qxd2+ 16. Nxd2 d5 17. exd5 Nxd5 18. e4 Ne3 19. Rc1 Nxg2+ 20. Kf2 Nf4
21. h4 Re6 22. Nf3 b6 23. Ke3 c5 24. Nxe5 Nd5+ 25. exd5 Rxe5+ 26. Kd2 Rxd5 27.
Rce1 Bb7 28. Rhf1 Kf8 29. Nc3 Rd7 30. Re5 Re8 31. Rxe8+ Kxe8 32. Re1+ Re7 33.
Rxe7+ Kxe7 34. Ke3 a6 35. d4 cxd4+ 36. Kxd4 Ke6 37. Ne2 g5 38. hxg5 hxg5 39.
Ng3 f5 40. Kd3 f4 41. Ne4 Bxe4+ 42. Kxe4 Kd6 43. c4 Kc5 0-1

[Event "XXXVI. ODPRTO PRVENSTVO KOMENDE 2022"]
[Site "Komenda"]
[Date "2022.09.02"]
[Round "2.5"]
[White "Perme, Stanko"]
[Black "Snedec, Aljaz"]
[Result "0-1"]
[WhiteElo "1624"]
[BlackElo "1000"]
[PlyCount "66"]
[EventDate "2022.09.02"]

1. e4 c6 2. d4 d5 3. Nc3 dxe4 4. Nxe4 Nf6 5. Nc3 Bf5 6. h3 e6 7. Bg5 h6 8. Bh4
Be7 9. Nf3 Nd5 10. Qd2 Bxh4 11. Nxh4 Qxh4 12. g3 Qd8 13. O-O-O Qg5 14. f4 Qxg3
15. Bg2 Qxf4 16. Bxd5 Qxd2+ 17. Rxd2 cxd5 18. Nb5 Na6 19. h4 Ke7 20. Rg1 g6 21.
Kb1 Nb4 22. Nc7 Rac8 23. Nb5 Nxc2 24. Nc3 Nxd4+ 25. Ka1 Nf3 26. Rgd1 Nxd2 27.
Rxd2 Rc4 28. a3 Rhc8 29. Ka2 Rxc3 30. bxc3 Rxc3 31. Kb2 Rc2+ 32. Rxc2 Bxc2 33.
Kxc2 g5 0-1

[Event "XXXVI. ODPRTO PRVENSTVO KOMENDE 2022"]
[Site "Komenda"]
[Date "2022.09.02"]
[Round "2.6"]
[White "Podjed, Anze"]
[Black "Zagar, Katarina"]
[Result "0-1"]
[WhiteElo "1000"]
[BlackElo "1167"]
[PlyCount "60"]
[EventDate "2022.09.02"]

1. d4 d5 2. Nf3 c5 3. dxc5 Nc6 4. Nc3 Nf6 5. h4 e5 6. Bg5 Be6 7. Bxf6 gxf6 8.
h5 Bxc5 9. h6 Qd7 10. Rh5 O-O-O 11. a3 Bg4 12. Rh4 Rhg8 13. Qd2 e4 14. Nh2 Bf5
15. Rh5 Be6 16. Nb5 a6 17. e3 axb5 18. a4 b4 19. a5 b3 20. cxb3 Bb4 21. Ke2
Bxd2 22. Kxd2 Rg5 23. Rh4 Rf5 24. a6 Kb8 25. a7+ Nxa7 26. g3 Rxf2+ 27. Ke1 Rxb2
28. Ra3 Qc6 29. Kd1 Qc2+ 30. Ke1 Qc1# 0-1

[Event "XXXVI. ODPRTO PRVENSTVO KOMENDE 2022"]
[Site "Komenda"]
[Date "2022.09.02"]
[Round "2.7"]
[White "Zmauc, Filip"]
[Black "Perme, Lojze"]
[Result "0-1"]
[WhiteElo "1000"]
[BlackElo "1094"]
[PlyCount "82"]
[EventDate "2022.09.02"]

1. Nc3 e5 2. Nf3 Nc6 3. d3 Bc5 4. Ne4 d6 5. Bg5 Nf6 6. Be3 O-O 7. Bg5 h6 8.
Nxf6+ gxf6 9. Bxf6 Qxf6 10. g3 Bf5 11. e4 Nd4 12. c3 Nxf3+ 13. Qxf3 Rad8 14.
exf5 Rde8 15. Qd5 Qxf5 16. Qxc5 dxc5 17. O-O-O Qf3 18. Bh3 Qxf2 19. Rdf1 Qe3+
20. Kb1 Qxd3+ 21. Kc1 b5 22. Rd1 Qc4 23. Bf1 Qxa2 24. Bxb5 Rd8 25. b4 Rxd1+ 26.
Rxd1 Rc8 27. Bd7 Rd8 28. Bg4 Rxd1+ 29. Bxd1 cxb4 30. cxb4 Qa3+ 31. Kd2 Qxb4+
32. Kc2 a5 33. Bh5 a4 34. Bg6 Qb3+ 35. Kd2 a3 36. Bxf7+ Kxf7 37. g4 a2 38. g5
a1=R 39. gxh6 Ra2+ 40. Kc1 Qc3+ 41. Kd1 Qa1# 0-1

[Event "XXXVI. ODPRTO PRVENSTVO KOMENDE 2022"]
[Site "Komenda"]
[Date "2022.09.02"]
[Round "2.8"]
[White "Kosel, Lenart"]
[Black "Mladenovic, Karl Zmaj"]
[Result "0-1"]
[WhiteElo "1000"]
[BlackElo "1000"]
[PlyCount "108"]
[EventDate "2022.09.02"]

1. e4 d6 2. Bc4 Nf6 3. Nc3 e5 4. Nf3 Nc6 5. O-O Bg4 6. h3 Bxf3 7. Qxf3 Qe7 8.
d3 O-O-O 9. Nd5 Qe8 10. Nxf6 gxf6 11. Qxf6 Rg8 12. Be3 Bg7 13. Qf5+ Qd7 14.
Bxf7 Qxf5 15. exf5 Rgf8 16. Be6+ Kb8 17. Rad1 Ne7 18. Bg5 Bf6 19. Bh6 Rh8 20.
Rfe1 Ng8 21. Be3 Rf8 22. d4 e4 23. d5 Bxb2 24. Bd4 Bxd4 25. Rxd4 Nf6 26. Re3
Re8 27. Rb3 a6 28. c4 c5 29. Rd2 Ka8 30. Rdb2 Rb8 31. Rb6 Rhd8 32. R6b3 Ka7 33.
Bf7 Rf8 34. Be6 h5 35. g4 hxg4 36. hxg4 Nxg4 37. Rb6 Rfd8 38. f6 Nxf6 39. Bf5
Rg8+ 40. Kf1 Rh8 41. Rxd6 Rh1+ 42. Kg2 Rh6 43. Rbb6 Rg8+ 44. Kf1 Rh1+ 45. Ke2
Ne8 46. Be6 Rgg1 47. Bc8 Nxd6 48. Rxd6 Re1+ 49. Kd2 e3+ 50. Kd3 exf2 51. Kc3
f1=Q 52. Kb3 Rb1+ 53. Ka4 Qxc4+ 54. Ka5 Qb5# 0-1

[Event "XXXVI. ODPRTO PRVENSTVO KOMENDE 2022"]
[Site "Komenda"]
[Date "2022.09.03"]
[Round "3.1"]
[White "Filippovskiy, Nikita"]
[Black "Keber, Aljosa"]
[Result "0-1"]
[WhiteElo "1544"]
[BlackElo "1348"]
[PlyCount "78"]
[EventDate "2022.09.03"]

1. e4 c5 2. Nf3 d6 3. d4 cxd4 4. Nxd4 Nf6 5. Nc3 a6 6. g3 e5 7. Nb3 Be7 8. Bg2
O-O 9. O-O Be6 10. f4 Qb6+ 11. Kh1 Nbd7 12. f5 Bc4 13. Rf3 Nc5 14. Be3 Qc7 15.
Nxc5 dxc5 16. b3 Rfd8 17. Qe1 Bb5 18. Bg5 Bc6 19. Bxf6 Bxf6 20. g4 Qe7 21. Rd1
Rd4 22. Nd5 Bxd5 23. exd5 Rxg4 24. d6 Qd7 25. Rc3 Rc8 26. Qf1 Rd4 27. Rxd4 exd4
28. Rh3 Rd8 29. Qf4 b5 30. Rg3 Qxd6 31. Qg4 Re8 32. Be4 Qe5 33. Bd3 Qd5+ 34.
Kg1 c4 35. Bf1 d3 36. Bg2 Qd4+ 37. Kf1 Qa1+ 38. Kf2 Qe1+ 39. Kf3 Qe3# 0-1

[Event "XXXVI. ODPRTO PRVENSTVO KOMENDE 2022"]
[Site "Komenda"]
[Date "2022.09.03"]
[Round "3.2"]
[White "Demsar, Maks"]
[Black "Smirnov, Maksim"]
[Result "1-0"]
[WhiteElo "1177"]
[BlackElo "1478"]
[PlyCount "119"]
[EventDate "2022.09.03"]

1. e4 c6 2. Nf3 d5 3. Nc3 dxe4 4. Nxe4 Nf6 5. Qe2 Nxe4 6. Qxe4 Nd7 7. Bc4 Nf6
8. Ne5 e6 9. Qe2 Bd6 10. d4 Qc7 11. Bf4 Bd7 12. Bg3 a6 13. c3 O-O 14. O-O Rac8
15. Bb3 Rfd8 16. Rfe1 c5 17. dxc5 Qxc5 18. Rad1 Bxe5 19. Bxe5 Bb5 20. Rxd8+
Rxd8 21. Qf3 Qe7 22. Bxf6 gxf6 23. Bc2 Rd5 24. Qxd5 Bc6 25. Qd3 Qc5 26. Qxh7+
Kf8 27. Rd1 Ke7 28. Bg6 Be8 29. Bc2 Qb5 30. Qd3 Qb6 31. h4 f5 32. h5 Qc6 33.
Qd8+ Kf8 34. Qd6+ Kg7 35. Qxc6 Bxc6 36. Rd3 Kh6 37. Rh3 b5 38. b3 f6 39. Re3 e5
40. Bxf5 Kxh5 41. Rd3 Kg5 42. Rd6 Bb7 43. Rb6 Bd5 44. Bc2 f5 45. Rxa6 f4 46.
Rb6 f3 47. Rxb5 Bc6 48. Rxe5+ Kf4 49. Rf5+ Kg4 50. gxf3+ Bxf3 51. Rxf3 Kxf3 52.
a4 Ke2 53. a5 Kd2 54. a6 Kc1 55. a7 Kb2 56. a8=Q Kc1 57. Bf5 Kb2 58. Qa5 Kc1
59. Qa2 Kd1 60. Kf1 1-0

[Event "XXXVI. ODPRTO PRVENSTVO KOMENDE 2022"]
[Site "Komenda"]
[Date "2022.09.03"]
[Round "3.3"]
[White "Snedec, Aljaz"]
[Black "Veselic, Maks"]
[Result "0-1"]
[WhiteElo "1000"]
[BlackElo "1606"]
[PlyCount "55"]
[EventDate "2022.09.03"]

1. d4 Nf6 2. Bf4 e6 3. Nf3 d5 4. e3 Bd6 5. Bg3 O-O 6. Bd3 c5 7. c4 cxd4 8. exd4
dxc4 9. Bxc4 Nc6 10. Nc3 a6 11. Bxd6 Qxd6 12. O-O Rd8 13. Ne2 b5 14. Bb3 Bb7
15. Rc1 Rac8 16. a4 Qb4 17. axb5 axb5 18. Rc5 Nxd4 19. Rxc8 Nxf3+ 20. gxf3 Rxc8
21. Qd3 Bd5 22. Bxd5 Nxd5 23. Qa3 Qxa3 24. bxa3 Ra8 25. Rb1 Rxa3 26. Rxb5 g6
27. Kg2 Ra2 28. Ng3 0-1

[Event "XXXVI. ODPRTO PRVENSTVO KOMENDE 2022"]
[Site "Komenda"]
[Date "2022.09.03"]
[Round "3.4"]
[White "Zagar, Katarina"]
[Black "Zlindra, Aljaz"]
[Result "0-1"]
[WhiteElo "1167"]
[BlackElo "1238"]
[PlyCount "66"]
[EventDate "2022.09.03"]

1. d4 Nf6 2. c4 e6 3. Nc3 Bb4 4. Qc2 O-O 5. Nf3 b6 6. Bg5 h6 7. Bh4 d6 8. O-O-O
Bxc3 9. Qxc3 Bb7 10. e3 Nbd7 11. Bd3 Qe8 12. Bb1 Be4 13. Bxe4 Nxe4 14. Qc2 f5
15. Nd2 Ndf6 16. Nxe4 Nxe4 17. Rhg1 b5 18. g4 Kh8 19. gxf5 exf5 20. b3 a5 21.
Qb2 bxc4 22. d5 c3 23. Qe2 a4 24. b4 a3 25. f3 Nf6 26. Rd3 Qb5 27. Qg2 Nh5 28.
Rxc3 Qxb4 29. Be1 Rab8 30. Rb3 Qc5+ 31. Rc3 Qxd5 32. Rxa3 Qe5 33. f4 Qa1+ 0-1

[Event "XXXVI. ODPRTO PRVENSTVO KOMENDE 2022"]
[Site "Komenda"]
[Date "2022.09.03"]
[Round "3.5"]
[White "Sever, Gasper"]
[Black "Perme, Lojze"]
[Result "1-0"]
[WhiteElo "1212"]
[BlackElo "1094"]
[PlyCount "55"]
[EventDate "2022.09.03"]

1. e4 e5 2. Nf3 Nc6 3. Bb5 Nf6 4. O-O Nxe4 5. Re1 Nd6 6. Bxc6 dxc6 7. Nxe5 Be7
8. d4 O-O 9. Nc3 Bf5 10. Qe2 b5 11. Nxc6 Qe8 12. Qxe7 Bd7 13. Qxe8 Raxe8 14.
Ne7+ Kh8 15. Bf4 Nc8 16. Nxc8 Bxc8 17. Bxc7 Bf5 18. d5 Bxc2 19. d6 Bf5 20. Nxb5
a6 21. Nd4 Rxe1+ 22. Rxe1 h6 23. Nxf5 g6 24. Nxh6 Kg7 25. Ng4 Ra8 26. d7 a5 27.
Re8 Rxe8 28. dxe8=Q 1-0

[Event "XXXVI. ODPRTO PRVENSTVO KOMENDE 2022"]
[Site "Komenda"]
[Date "2022.09.03"]
[Round "3.6"]
[White "Mladenovic, Karl Zmaj"]
[Black "Podjed, Anže"]
[Result "0-1"]
[WhiteElo "1000"]
[BlackElo "1000"]
[PlyCount "40"]
[EventDate "2022.09.03"]

1. e4 d5 2. d3 d4 3. c3 dxc3 4. Nxc3 Nf6 5. Bg5 Bg4 6. Qd2 h6 7. Bxf6 exf6 8.
f3 Bd7 9. O-O-O h5 10. Kb1 f5 11. Qe3 fxe4 12. Qxe4+ Be6 13. Re1 Qe7 14. Nd5
Nc6 15. Nxe7 Nxe7 16. Rc1 Rc8 17. Ne2 g6 18. Nf4 Bb3 19. Rc3 Bd1 20. b3 Bg7 {
nejasno (30)} 0-1

[Event "XXXVI. ODPRTO PRVENSTVO KOMENDE 2022"]
[Site "Komenda"]
[Date "2022.09.03"]
[Round "3.7"]
[White "Kosel, Lenart"]
[Black "Perme, Stanko"]
[Result "0-1"]
[WhiteElo "1000"]
[BlackElo "1624"]
[PlyCount "64"]
[EventDate "2022.09.03"]

1. e4 e5 2. Nf3 Nc6 3. Bc4 Bc5 4. Nc3 Nf6 5. d3 h6 6. Be3 Bb6 7. O-O O-O 8. Qd2
Kh7 9. h3 d6 10. Rad1 Be6 11. Bb3 Qd7 12. Kh2 Ba5 13. Ba4 a6 14. d4 Rfd8 15.
dxe5 Nxe5 16. Nxe5 Qe7 17. a3 dxe5 18. Qe2 Bxc3 19. bxc3 b5 20. Bb3 Nxe4 21.
Rd3 c5 22. Rxd8 Rxd8 23. Rd1 Nxc3 24. Qh5 Rxd1 25. Qxe5 Nd5 26. c3 Nxe3 27.
Qxe3 Qd6+ 28. Qg3 Bxb3 29. f4 Rd3 30. Qe1 Qxf4+ 31. Kg1 Rd1 32. c4 Rxe1# 0-1

[Event "XXXVI. ODPRTO PRVENSTVO KOMENDE 2022"]
[Site "Komenda"]
[Date "2022.09.03"]
[Round "4.1"]
[White "Keber, Aljosa"]
[Black "Demsar, Maks"]
[Result "1-0"]
[WhiteElo "1348"]
[BlackElo "1177"]
[PlyCount "147"]
[EventDate "2022.09.03"]

1. e4 e5 2. Nf3 Nc6 3. Bb5 a6 4. Ba4 Nf6 5. O-O b5 6. Bb3 Bc5 7. c3 d6 8. d4
Bb7 9. a4 Bb6 10. Bg5 O-O 11. Re1 Re8 12. Qd3 Na5 13. Ba2 bxa4 14. Nbd2 h6 15.
Bh4 g5 16. Nxg5 hxg5 17. Bxg5 Kg7 18. Re3 Qc8 19. Rf3 Nh5 20. Rxf7+ Kg6 21. Qf3
Kxg5 22. Rf5+ Qxf5 23. Qxf5+ Kh6 24. Bf7 Nf4 25. g3 Rg8 26. Kf1 Rg5 27. Qf6+
Rg6 28. Bxg6 Nxg6 29. Rxa4 Rf8 30. Qe6 Bc8 31. Qa2 Nc6 32. Nc4 Be6 33. d5 Bh3+
34. Ke1 Bxf2+ 35. Kd2 Nd8 36. Rxa6 Nb7 37. b4 Bxg3 38. Qb1 Rf2+ 39. Ke3 Rf1 40.
Qc2 Bf4+ 41. Ke2 Rg1 42. Ne3 Bf1+ 43. Nxf1 Rg2+ 44. Kd1 Rxc2 45. Kxc2 Nd8 46.
Ra7 c6 47. Rd7 Bg5 48. Rxd6 cxd5 49. exd5 Kg7 50. Rd7+ Kf8 51. b5 e4 52. b6 Ne5
53. Rc7 Ke8 54. b7 Nxb7 55. Rxb7 e3 56. Ng3 Nf3 57. Rh7 Ng1 58. Kd3 Nf3 59. Nf5
Ne1+ 60. Ke2 Nc2 61. c4 Na3 62. Rh5 Bf4 63. Rh4 Bxh2 64. Rxh2 Nxc4 65. Nxe3 Ne5
66. Rh7 Kd8 67. Nf5 Ng4 68. Nd4 Nf6 69. Ne6+ Ke8 70. Nc7+ Kd8 71. Rf7 Ng4 72.
d6 Ne5 73. Ne6+ Ke8 74. Re7# 1-0

[Event "XXXVI. ODPRTO PRVENSTVO KOMENDE 2022"]
[Site "Komenda"]
[Date "2022.09.03"]
[Round "4.2"]
[White "Veselic, Maks"]
[Black "Sever, Gasper"]
[Result "1/2-1/2"]
[WhiteElo "1606"]
[BlackElo "1212"]
[PlyCount "130"]
[EventDate "2022.09.03"]

1. e4 e5 2. Nf3 Nc6 3. Bb5 a6 4. Ba4 Nf6 5. O-O b5 6. Bb3 Bb7 7. c3 Be7 8. Re1
O-O 9. d4 d6 10. Nbd2 Re8 11. Nf1 Bf8 12. Bg5 h6 13. Bh4 Na5 14. Bxf6 Qxf6 15.
d5 c6 16. dxc6 Bxc6 17. Bd5 Rac8 18. Ne3 Nb7 19. a4 Nc5 20. Bxc6 Rxc6 21. axb5
axb5 22. Qe2 Rb8 23. Nc2 Nb3 24. Ra3 Qe6 25. Nb4 Rcc8 26. Nd5 Nc5 27. Nd2 f5
28. Qf3 f4 29. g3 fxg3 30. Qxg3 Be7 31. Ra7 Bf6 32. Qg6 Rb7 33. Rxb7 Nxb7 34.
Re3 Qf7 35. Qf5 Rf8 36. Rf3 Bg5 37. Qxf7+ Rxf7 38. Rxf7 Kxf7 39. Nf3 Bc1 40. b4
Bb2 41. Kf1 Ke8 42. Ke2 Bc1 43. Kd1 Bf4 44. Nxf4 exf4 45. Nd4 Kd7 46. Nxb5 Ke6
47. Ke2 Ke5 48. Kd3 g5 49. f3 h5 50. h3 Nd8 51. Nd4 Kf6 52. b5 Ke7 53. Nf5+ Kd7
54. Ng7 h4 55. Nf5 Ne6 56. Kc4 Nc5 57. Kd5 Na4 58. c4 Nc3+ 59. Kd4 Ne2+ 60. Kd3
Ng1 61. b6 Nxf3 62. b7 Kc7 63. Nxd6 Ne5+ 64. Ke2 Kb8 65. c5 Kc7 1/2-1/2

[Event "XXXVI. ODPRTO PRVENSTVO KOMENDE 2022"]
[Site "Komenda"]
[Date "2022.09.03"]
[Round "4.3"]
[White "Smirnov, Maksim"]
[Black "Filippovskiy, Nikita"]
[Result "0-1"]
[WhiteElo "1478"]
[BlackElo "1544"]
[PlyCount "94"]
[EventDate "2022.09.03"]

1. d4 Nf6 2. Bf4 g6 3. Nc3 Bg7 4. e4 d6 5. h4 h5 6. Qd2 Bd7 7. Nf3 Na6 8. a3 c5
9. d5 Rb8 10. Bd3 b5 11. e5 dxe5 12. Nxe5 Rb7 13. O-O c4 14. Be2 O-O 15. Bf3
Bg4 16. Bxg4 Nxg4 17. Nc6 Qd7 18. Nb4 Nc5 19. Rad1 Qf5 20. Bg3 Rd8 21. Qe2 Bxc3
22. bxc3 Ne4 23. Qe1 a5 24. Nc6 Rxd5 25. Nd4 Qd7 26. Qxe4 e5 27. Rfe1 f5 28.
Qe2 exd4 29. Rxd4 Rxd4 30. cxd4 Kf7 31. Kh1 Qe7 32. Qd2 Qxa3 33. d5 Qb4 34. Qd1
f4 35. d6 fxg3 36. Qd5+ Kf8 37. Qf3+ Rf7 38. Qe2 Nxf2+ 39. Kg1 Qxd6 40. c3 Nd3
41. Qe3 Nxe1 42. Qxe1 Qc5+ 43. Kh1 b4 44. Qc1 Kg7 45. cxb4 Qd4 46. b5 Qxh4+ 47.
Kg1 Qh2# 0-1

[Event "XXXVI. ODPRTO PRVENSTVO KOMENDE 2022"]
[Site "Komenda"]
[Date "2022.09.03"]
[Round "4.4"]
[White "Zlindra, Aljaz"]
[Black "Snedec, Aljaz"]
[Result "1-0"]
[WhiteElo "1238"]
[BlackElo "1000"]
[PlyCount "21"]
[EventDate "2022.09.03"]

1. e4 c6 2. d4 d5 3. f3 dxe4 4. fxe4 e5 5. Nf3 exd4 6. Bc4 Bg4 7. Bxf7+ Kxf7 8.
Ne5+ Ke8 9. Qxg4 Nf6 10. Qe6+ Qe7 11. Qc8+ 1-0

[Event "XXXVI. ODPRTO PRVENSTVO KOMENDE 2022"]
[Site "Komenda"]
[Date "2022.09.03"]
[Round "4.5"]
[White "Perme, Lojze"]
[Black "Zagar, Katarina"]
[Result "0-1"]
[WhiteElo "1094"]
[BlackElo "1167"]
[PlyCount "100"]
[EventDate "2022.09.03"]

1. e4 e5 2. Nc3 Nf6 3. Bc4 Bc5 4. Nf3 Nc6 5. O-O O-O 6. d3 d6 7. Be3 Bxe3 8.
fxe3 h6 9. h3 Nh7 10. Qe1 Qf6 11. Nh4 Qg5 12. Rf3 Kh8 13. Qg3 Qxg3 14. Rxg3 Nb4
15. a3 Nc6 16. Nd5 Rb8 17. Nxc7 Na5 18. Nb5 Nxc4 19. dxc4 a6 20. Nxd6 Be6 21.
Nhf5 Bxf5 22. Nxf5 g6 23. Nxh6 Nf6 24. Rf1 Nxe4 25. Rgf3 Nd2 26. b4 Nxf1 27.
Kxf1 Kg7 28. Ng4 f6 29. Rf2 Rbd8 30. Ke2 Rd7 31. Nh2 Rfd8 32. Rf1 Rd2+ 33. Kf3
Rxc2 34. c5 Rc3 35. Ra1 Rdd3 36. Nf1 f5 37. g4 fxg4+ 38. hxg4 g5 39. Ng3 Rxe3+
40. Kf2 Rxg3 41. a4 Rxg4 42. b5 axb5 43. axb5 Rxc5 44. Kf3 Rf4+ 45. Ke3 Rxb5
46. Kd3 Rb3+ 47. Kc2 Rh3 48. Kd2 Rf2+ 49. Ke1 Rb2 50. Kd1 Rh1# 0-1